000 01180nam a22003257a 4500
001 142
003 FISKH
005 20230301091418.0
008 230301b cb ||||| |||| 00| 0 eng d
040 _aDLC
_cDLC
_beng
_dFISKH
042 _apcc
_alcac
050 0 0 _aPZ7.D78325
_bBur 2011
082 0 0 _a259
_223
100 1 _aDraper, Sharon M.
_q(Sharon Mills)
245 1 4 _aThe buried bones mystery /
_cSharon M. Draper ; illustrated by Jesse Joshua Watson.
260 _aNew York
_bAladdin
_c2011.
300 _a94 p.
_bill. ;
_c20 cm.
490 0 _aClubhouse mysteries ;
_v#1
500 _a"Originally published as the series title 'Ziggy and the Black Dinosaurs"'--T.p. verso.
505 _aM
520 _aAfter the neighborhood basketball court is vandalized, Ziggy and his friends decide to form a club called the Black Dinosaurs and build their clubhouse in Ziggy's backyard.
521 1 _a700
_bLexile
521 1 _aM
_bRaz-Plus
650 1 _aClubs
_vFiction.
650 1 _aAfrican Americans
_vFiction.
650 1 _aMystery and detective stories.
700 1 _aWatson, Jesse Joshua,
_eill.
906 _a7
_bcbc
_corignew
_d2
_encip
_f20
_gy-gencatlg
942 _2ddc
_cBK
_n0
999 _c142
_d142